00729nam a2200253 a 4500001001300000003000900013005001700022008004100039020001000080082001500090100001500105245002300120260003900143300000900182500003500191505001000226650003100236700001400267700002200281902000800303942000700311952014200318999001500460nice12345678IN_TiNIC20260116011447.0050524s1935 lona grp 000 0 eng  ac10000a274.9bRAU aRauws, Joh aNetherlands Indies aLondonbWorld Dominion Pressc1935 a186p aincludes index and biblioraphy2 aIndex aChurch-History Netherlands1 aH Kraemer1 aF J F Van Hasselt bSRS cBK 001040708StackRoom-aHMIbHMId2007-07-18g100.00l2m2o274.9 RAUp00651q2026-02-24r2026-02-10s2026-02-10v100.00w2005-05-24yBK c1731d1731